000 00522nam a2200181 4500
001 2666
005 20181127165447.0
010 0 0 _a
020 0 0 _a8183501958
090 0 0 _a346.07 B5759L 2007
100 0 0 _aBhushan, Bharat.
245 0 0 _aLectures on business and industrial laws /
_b
_cBharat Bhushan and Rajni Abbi.
_h
260 0 0 _aNew Delhi :
_bSultan Chand,
_c2007.
300 0 0 _a223 p.
650 0 0 _aCommercial law --India.
_x
650 0 0 _aIndustrial laws and legislation.
_x
650 0 0 _aTaxation --Law and legislation.
_x
999 _c2128
_d2128